书目信息 |
| 题名: |
钢笔书法强化练习字帖 上册:基础练习·3500常用字
|
|
| 作者: | 司马彦 , 李放鸣 主编 | |
| 分册: | ||
| 出版信息: | 成都 电子科技大学出版社 1998.01 |
|
| 页数: | 36页 | |
| 开本: | 16开 | |
| 丛书名: | ||
| 单 册: | ||
| 中图分类: | J292.12 | |
| 科图分类: | ||
| 主题词: | 书法--中国 , 篆刻--中国 | |
| 电子资源: | ||
| ISBN: | 7-81043-854-9 | |
| 000 | 00722nam0 2200217 45 | |
| 001 | 0010031747 | |
| 005 | 20001003171415.2 | |
| 010 | @a7-81043-854-9@d8.00元 | |
| 100 | @a20001003d1998 km y0chiy0120 ea | |
| 101 | 0 | @achi |
| 105 | @a z 000yy | |
| 200 | 1 | @a钢笔书法强化练习字帖 上册:基础练习·3500常用字@AGang Bi Shu Fa Qiang Hua Lian Xi Zi Tie Shang Ce:JiChu Lian Xi·3500 Chang Yong Zi@f司马彦,李放鸣主编@FSi Ma Yan,Li Fang Ming Zhu Bian |
| 210 | @a成都@c电子科技大学出版社@d1998.01 | |
| 215 | @a36页@d16开 | |
| 606 | 0 | @a书法@x中国 |
| 606 | 0 | @a篆刻@x中国 |
| 690 | @aJ292.12@v3 | |
| 701 | 0 | @a司马彦@4主编 |
| 701 | 0 | @a李放鸣@4主编 |
| 801 | @aCN@bPftUser@c20001003 | |
| 905 | @dJ292.12@eL526@b164024-033@f10 | |
| 钢笔书法强化练习字帖 上册:基础练习·3500常用字/司马彦,李放鸣主编.-成都:电子科技大学出版社,1998.01 |
| 36页;16开 |
| ISBN 7-81043-854-9:8.00元 |
| ● |
| 相关链接 |
|
|
|
正题名:钢笔书法强化练习字帖上册:基础练习·3500
索取号:J292.12/L526
 
预约/预借
| 序号 | 登录号 | 条形码 | 馆藏地/架位号 | 状态 | 备注 |
| 1 | 164024 | 201640242 | 社科库309/309社科库 79排4列6层/ [索取号:J292.12/L526] | 在馆 | |
| 2 | 164025 | 201640251 | 社科库309/309社科库 79排4列3层/ [索取号:J292.12/L526] | 在馆 | |
| 3 | 164026 | 201640260 | 社科库309/ [索取号:J292.12/L526] | 在馆 | |
| 4 | 164027 | 201640279 | 自科二线404/309社科库 80排1列1层/ [索取号:J292.12/L526] | 在馆 | |
| 5 | 164028 | 201640288 | 社科库309/ [索取号:J292.12/L526] | 在馆 | |
| 6 | 164029 | 201640297 | 社科库309/ [索取号:J292.12/L526] | 在馆 | |
| 7 | 164030 | 201640304 | 社科库309/ [索取号:J292.12/L526] | 在馆 | |
| 8 | 164031 | 201640313 | 社科库309/ [索取号:J292.12/L526] | 在馆 | |
| 9 | 164032 | 201640322 | 社科库309/309社科库 79排4列6层/ [索取号:J292.12/L526] | 在馆 | |
| 10 | 164033 | 201640331 | 社科库309/ [索取号:J292.12/L526] | 在馆 |